000 00368nam a2200145Ia 4500
008 100122s9999 xx 000 0 und d
082 _b23161
_a822
100 _aकाळे के नारायण
245 _aकौटिल्य
260 _c1965
300 _a100
630 _aकौटिल्य
730 _aकौटिल्य
942 _cBOOK
999 _c410765
_d410762